000 00842nam a2200253 i 4500
001 000033190
003 DO-SdBNP
005 20241121102540.0
007 ta
008 091012s1978 dr 001 0 spa d
040 _aDO-SdBNP
_bspa
_cBNPHU
_erda
082 _axxxx
_bG216c
_222
245 1 0 _aCompendio de historia y economía /
_ctraducido por Marat Kuznetsov.
264 _aSanto Domingo :
_bAlfa y Omega,
_c1978.
300 _a226 páginas ;
_c22 cm.
336 _ardacontent
_btexto
_2txt
337 _ardamedia
_bsin mediación
_2n
338 _ardacarrier
_bvolumen
_2nc
505 0 _gParte 1
_tLas formaciones precapitalistas --
_tEl regimen de las comunidad primitiva --
_tLa sociedad esclavista --
_tLa sociedad feudal.
590 _aInventariado, 2024/DG
700 1 _aKuznetsov, Marat
_958828
910 _aDG
942 _2ddc
_cLBS1
999 _c32681
_d32681